Central Library OPAC University of Rajshahi

বাংলাদেশ : (Record no. 65646)

MARC details
000 -LEADER
fixed length control field 00895nam a2200229 a 4500
001 - CONTROL NUMBER
control field 65646
003 - CONTROL NUMBER IDENTIFIER
rucl marc code BD-RjUL
005 - DATE AND TIME OF LATEST TRANSACTION
control field 20211209081440.0
008 - FIXED-LENGTH DATA ELEMENTS--GENERAL INFORMATION
fixed length control field 170309s2000 bg ||||| |||| 00| 0 ben d
020 ## - INTERNATIONAL STANDARD BOOK NUMBER
International Standard Book Number 984310781
Terms of availability : TK 250.00
035 ## - SYSTEM CONTROL NUMBER
System control number (BD-RjUL)65776
040 ## - CATALOGING SOURCE
Original cataloging agency BD-RjUL
Language of cataloging ben
Transcribing agency BD-RjUL
041 ## - LANGUAGE CODE
Language code of text/sound track or separate title ben
082 ## - DEWEY DECIMAL CLASSIFICATION NUMBER
Edition number 23
Classification number 320.95492
Author mark and year BAN 2000
245 00 - TITLE STATEMENT
Title বাংলাদেশ :
Remainder of title রাষ্ট্র ও রাজনীতি /
Statement of responsibility, etc. তারেক শামসুর রেহমান সম্পাদিত
260 ## - PUBLICATION, DISTRIBUTION, ETC. (IMPRINT)
Place of publication, distribution, etc. ঢাকা :
Name of publisher, distributor, etc. উত্তরন,
Date of publication, distribution, etc. ২০০০.
300 ## - PHYSICAL DESCRIPTION
Pagination ৩২০ পৃ. ;
Size ২১ সেমি.
651 ## - SUBJECT ADDED ENTRY--GEOGRAPHIC NAME
Geographic name বাংলাদেশ
General subdivision ইতিহাস
9 (RLIN) 163934
Geographic name Bangladesh
General subdivision History
9 (RLIN) 163935
700 ## - ADDED ENTRY--PERSONAL NAME
Personal name রেহমান, তারেক শামসুর, সম্পাদক
942 ## - ADDED ENTRY ELEMENTS (KOHA)
Source of classification or shelving scheme Dewey Decimal Classification
Koha item type Books
Holdings
Lost status Source of classification or shelving scheme Damaged status Not for loan Collection code Permanent Location Current Location Shelving location Date acquired Source of acquisition Cost, normal purchase price Total Checkouts Full call number Date last seen Copy number Koha item type
  Dewey Decimal Classification   Not For Loan Non-fiction Central Library, University of Rajshahi Central Library, University of Rajshahi Reading Room 18/09/2000 R. U., Political Science Department 250.00   B 320.95492 BAN 2000 09/03/2017 C-1 Books